=LDR 00000nam 2200000 4500 =001 INLIS000000000024832 =005 20130612123406 =008 ***********************************Ind** =035 ##$$0010-061300000024832 =041 ##$$a Ind =082 ##$$a 92(Eriyah) =090 ##$$a 92(Eriyah), Sya e =100 ##$$a Syarief, Dhono Sardono =245 ##$$a Eriyah wanita pertama penerima kalpataru, Dhono Sardono Syarif =260 ##$$a 1993 $b Jakarta =300 ##$$a 56 hlm, ilus, 21 cm =650 ##$$a Ariyah, 1945- =850 ##$$a NBPNMAT